00741cam a22002057a 4500003000500000005001700005008004100022010001000063011001000073035001000083040000900093082001500102100002200117245025900139260005400398300002600452490002100478650001500499830002100514CHAP20220329140016.0971013s1901 r 00010 d a45462 a46434 a50575 cCHAP a595.77bT400aTheobald, Fred V.12aA monograph of thñe culicidae on mosquitoes Mainly compiled from the collections received at the British Museum from various parts of the world in connection with the investigation into the cause of malarie conducted by the Colonial office and the Roya aLondon :bPrinted by order of the Trustees,c1901 a3 v. y col de láms. 0aXXXVII,A,B,C,D,E14aMosquitos.0 aXXXVII,A,B,C,D,E